| 000 | 01606nam0a22003131 4500 | ||
|---|---|---|---|
| 001 | rc\3162614 | ||
| 005 | 20120615110221.3 | ||
| 021 |
_aRU _b[76-80066] |
||
| 035 | _a(NLR Aleph) 007325912 | ||
| 090 |
_a5958659 _c5958659 |
||
| 100 | _a20120615d1976 |||y0rusy50 ca | ||
| 101 | 0 | _arus | |
| 102 | _aRU | ||
| 105 | _aa z ||||| | ||
| 200 | 1 |
_aПрогнозирование и регулирование разработки газовых залежей Пердкарпатья при водонапорном режиме _fР.М. Кондрат, Е.В. Солецкий, Н.С. Швадчак _gВсесоюз. науч.-исслед. ин-т экономики, организации производства техн-экон. информации в газовой пром-сти |
|
| 210 |
_aМосква _cВНИИЭгазпром _d1976 |
||
| 215 |
_a55 с. _cил. _d20 |
||
| 225 | 1 |
_aНаучно-технический обзор _iСерия "Разработка и эксплуатация газовых и газоконденсатных месторождений" _vВып. 13 |
|
| 300 | _aНа обл. авт. не указаны | ||
| 320 | _aСписок лит.: с. 54 (5 назв.) | ||
| 606 |
_aГазы природные, горючие _xДобыча _2psbo |
||
| 700 | 1 |
_aКондрат _bР. М. _f1940- _gРоман Михайлович |
|
| 701 | 1 |
_aСолецкий _bЕ. В. _gЕмельян Васильевич |
|
| 701 | 1 |
_aШвадчак _bН. С. |
|
| 801 | 0 |
_aRU _bNLR _gpsbo |
|
| 801 | 1 |
_aRU _bELAR _2rusmarc |
|
| 852 |
_aNLR _j77-4/6100 |
||
| 942 | _cBOOK | ||
| 980 | _aNB | ||